00980cam a22002775a 45000010009000000050017000090080041000260200016000670200018000830400032001010820017001331000028001502450076001782500025002542600045002793000034003245000024003585000030003825040041004126500035004536510010004886530033004989420017005319990017005489520137005651016651220160117144139.0120412r20152012ii a frb 001 0 eng d a9382127003  a9789382127000 aBTCTAbengcBTCTAdEG-ScBUE04a660222bAHL1 aAhluwalia, V. K.93905810aGreen chemistry :benvironmentally benign reactions /cV. K. Ahluwalia. a2nd ed., Reprint ed. aNew Delhi :bAne Books Pvt. Ltd.,c2015. axix, 312 p. :bill. ;c25 cm. aIndex : p. 307-312. aReprinted of the 2012 ed. aIncludes bibliographical references. 7aGreen chemistry.2BUEsh939059 2BUEsh bPPhrmcJuly2015cJanuary2016 2ddck660 AHL c20137d20109 00102ddc40708AlahramaMAINbMAINc1STd2015-07-02ePurchaseg107.00h307l0o660 AHLp000039417r2025-07-15 00:00:00v133.75yBB